नौकरीपेशा नारी : (Record no. 117665)

MARC details
000 -LEADER
fixed length control field 01230nam a22002777a 4500
003 - CONTROL NUMBER IDENTIFIER
control field dpl
005 - DATE AND TIME OF LATEST TRANSACTION
control field 20180908115414.0
008 - FIXED-LENGTH DATA ELEMENTS--GENERAL INFORMATION
fixed length control field 180908b xxu||||| |||| 00| 0 eng d
010 ## - LIBRARY OF CONGRESS CONTROL NUMBER
LC control number B-068282
020 ## - INTERNATIONAL STANDARD BOOK NUMBER
Terms of availability 150.00
035 ## - SYSTEM CONTROL NUMBER
System control number B-068282, B-068286
037 ## - SOURCE OF ACQUISITION
Source of stock number/acquisition Cen Lib/Ret
040 ## - CATALOGING SOURCE
Original cataloging agency DPL
Language of cataloging HN
Transcribing agency 0
082 ## - DEWEY DECIMAL CLASSIFICATION NUMBER
Classification number
Item number नौकरी
245 ## - TITLE STATEMENT
Title नौकरीपेशा नारी :
Statement of responsibility, etc संपादक पुष्पलाल सिंह
Remainder of title कहानी के आईने में /
246 ## - VARYING FORM OF TITLE
Title proper/short title Naukaripesha nari : kahani ke ayine mei/
Remainder of title sampadak Pushplal Singh
260 ## - PUBLICATION, DISTRIBUTION, ETC. (IMPRINT)
Place of publication, distribution, etc नयी दिल्ली
Name of publisher, distributor, etc सामायिक प्रकाशन
Date of publication, distribution, etc 2002
270 ## - ADDRESS
City नयी दिल्ली
Address 3320-21 जटवाडा, नेताजी सुभाष मार्ग, दरयागंज
Postal code 110002
300 ## - PHYSICAL DESCRIPTION
Extent 173p.
Dimensions 19से.मी. (सजिल्द)
650 ## - SUBJECT ADDED ENTRY--TOPICAL TERM
Topical term or geographic name as entry element साहित्य--कहानियां
9 (RLIN) 1200
650 ## - SUBJECT ADDED ENTRY--TOPICAL TERM
Topical term or geographic name as entry element हिंदी--कहानियां
9 (RLIN) 2082
650 ## - SUBJECT ADDED ENTRY--TOPICAL TERM
Topical term or geographic name as entry element Literature--stories
9 (RLIN) 76146
650 ## - SUBJECT ADDED ENTRY--TOPICAL TERM
Topical term or geographic name as entry element Hindi--stories
9 (RLIN) 76147
700 ## - ADDED ENTRY--PERSONAL NAME
Personal name पुष्पलाल सिंह
9 (RLIN) 76148
942 ## - ADDED ENTRY ELEMENTS (KOHA)
Source of classification or shelving scheme Dewey Decimal Classification
Koha item type Hindi Books
Classification part
Call number suffix नौकरी
Holdings
Withdrawn status Lost status Damaged status Not for loan Home library Current library Date acquired Source of acquisition Cost, normal purchase price Total Checkouts Full call number Barcode Date last seen Copy number Cost, replacement price Price effective from Koha item type Source of classification or shelving scheme Collection code
        Central Library Central Library 07/09/2015 Cen Lib/Ref 150.00   क नौकरी B-068282 07/09/2015 1 150.00 07/09/2015 Hindi Books    
        Shahdara Branch Shahdara Branch 08/09/2018 BPPD/PUB 150.00   क नौकरी B-068286 08/09/2018   150.00 08/09/2018 Hindi Books Dewey Decimal Classification Fiction

© Delhi Public Library
Hit Counter
free hit counter